Creating woodlands on farmland (Record no. 62436)
[ view plain ]
| 000 -LEADER | |
|---|---|
| fixed length control field | 00820cam a2200229 4500 |
| 001 - CONTROL NUMBER | |
| control field | ABS61847 |
| 008 - FIXED-LENGTH DATA ELEMENTS--GENERAL INFORMATION | |
| fixed length control field | 000000n2000 000 0 eng u |
| 035 ## - SYSTEM CONTROL NUMBER | |
| System control number | (Sirsi) u104032 |
| 100 ## - MAIN ENTRY--PERSONAL NAME | |
| Personal name | Williams, H. |
| 245 ## - TITLE STATEMENT | |
| Title | Creating woodlands on farmland |
| 260 ## - PUBLICATION, DISTRIBUTION, ETC. | |
| Date of publication, distribution, etc. | 2000 |
| 490 ## - SERIES STATEMENT | |
| Series statement | Forestry and British Timber |
| Volume/sequential designation | 29(1) January 2000, 32-35(3) |
| 520 ## - SUMMARY, ETC. | |
| Summary, etc. | Discusses how farmers have responded to the National Forest Tender Scheme - a project focusing on the creation of new woodland. During the last 5 years over 810 hectares have been created by farmers on their farmland. Statistics. |
| 590 ## - LOCAL NOTE (RLIN) | |
| Local note | ABS |
| 650 ## - SUBJECT ADDED ENTRY--TOPICAL TERM | |
| Topical term or geographic name entry element | WOODLANDS |
| 650 ## - SUBJECT ADDED ENTRY--TOPICAL TERM | |
| Topical term or geographic name entry element | FARMLAND |
| 650 ## - SUBJECT ADDED ENTRY--TOPICAL TERM | |
| Topical term or geographic name entry element | FARMERS |
| 650 ## - SUBJECT ADDED ENTRY--TOPICAL TERM | |
| Topical term or geographic name entry element | NATIONAL FOREST TENDER SCHEME |
| 650 ## - SUBJECT ADDED ENTRY--TOPICAL TERM | |
| Topical term or geographic name entry element | WOODLAND MANAGEMENT |
| 690 ## - LOCAL SUBJECT ADDED ENTRY--TOPICAL TERM (OCLC, RLIN) | |
| Topical term or geographic name as entry element | RURAL-AGRICULTURE AND FORESTRY |
| 942 ## - ADDED ENTRY ELEMENTS (KOHA) | |
| Suppress in OPAC | 0 |
| Withdrawn status | Lost status | Source of classification or shelving scheme | Damaged status | Not for loan | Home library | Current library | Shelving location | Date acquired | Total Checkouts | Full call number | Barcode | Date last seen | Copy number | Price effective from | Koha item type |
|---|---|---|---|---|---|---|---|---|---|---|---|---|---|---|---|
| Dewey Decimal Classification | London | London | Journal article | 04/02/2000 | ABS61847 | 104032-1001 | 06/08/2019 | 1 | 06/08/2019 | Journal article |